KOHA-Header-6

Evergreen With Readings A Guide to Writing (Record no. 6033)

000 -LEADER
fixed length control field 00283nam a2200109Ia 4500
008 - FIXED-LENGTH DATA ELEMENTS--GENERAL INFORMATION
fixed length control field 190906s9999||||xx |||||||||||||| ||und||
100 ## - MAIN ENTRY--PERSONAL NAME
Personal name Alvin Sandberg
245 #0 - TITLE STATEMENT
Title Evergreen With Readings A Guide to Writing
260 ## - PUBLICATION, DISTRIBUTION, ETC. (IMPRINT)
Place of publication, distribution, etc USA
Name of publisher, distributor, etc Prentice Hall Inc.
Date of publication, distribution, etc 1996
300 ## - PHYSICAL DESCRIPTION
Extent 552
942 ## - ADDED ENTRY ELEMENTS (KOHA)
Koha item type Books
Holdings
Withdrawn status Lost status Source of classification or shelving scheme Damaged status Not for loan Permanent Location Current Location Shelving location Date acquired Full call number Barcode Date last seen Price effective from Koha item type
          MAJU MAJU Shelf No.A14 2019-09-06 891.94 759 2019-09-06 2019-09-06 Books

Powered by Koha